Die 62 besten Sportlerinnen aller Zeiten - Statistiken

Allgemein
  • Dieses Quiz wurde 80 mal gespielt
  • Das Durchschnittsergebnis liegt bei 11 aus 62
Antwortstatistiken
Sportart 🚩 Initialen Sportlerin % Korrekt
⚽ Fußball 🇧🇷 M. Marta
73%
🎾 Tennis 🇺🇸 S. W. Serena Williams
66%
🎿 Ski - Alpin 🇺🇸 L. V. Lindsey Vonn
65%
🎾 Tennis 🇨🇿 M. N. Martina Navratilova
51%
🎾 Tennis 🇺🇸 B. J. K. Billie Jean King
45%
🎿 Ski - Alpin 🇸🇮 T. M. Tina Maze
43%
🏃🏼‍♀️ Sprint 🇯🇲 S.-A. F.-P. Shelly - Ann Fraser - Pryce
42%
🎿 Ski - Alpin 🇺🇸 M. S. Mikaela Shiffrin
41%
🏃🏼‍♀️ Sprint 🇺🇸 F. G.-J. Florence Griffith - Joyner
34%
🎿 Ski - Alpin 🇭🇷 J. K. Janica Kostelic
32%
🎿 Skilanglauf 🇳🇴 M. B. Marit Bjørgen
30%
🎿 Ski - Alpin 🇦🇹 A. M.-P. Annemarie Moser - Pröll
28%
🎾 Tennis 🇺🇸 C. E. Chris Evert
28%
Stabhochsprung 🇷🇺 J. I. Jelana Issinbajewa
28%
🏊🏼‍♀️ Schwimmen 🇺🇸 K. L. Kathleen "Katie" Ledecky
28%
🎿 Biathlon 🇸🇪 M. F. Magdalena Forsberg
28%
🤸🏼‍♀️ Kunstturnen 🇺🇸 S. B. Simone Biles
28%
🎿 Ski - Alpin 🇨🇭 V. S. Vreni Schneider
28%
🎿 Ski - Alpin 🇸🇪 A. P. Anja Pärson
27%
🏃🏼‍♀️ Leichtathletik 🇺🇸 J. J.-K. Jackie Joyner - Kersee
22%
🎿 Ski - Alpin 🇨🇭 M. W. Maria Walliser
22%
🎿 Skilanglauf 🇳🇴 T. J. Therese Johaug
22%
⚽ Fußball 🇺🇸 A. W. Abby Wambach
20%
🎾 Tennis 🇦🇺 M. C. Margaret Court
20%
🏊🏼‍♀️ Freistilschwimmen 🇦🇺 D. F. Dawn Fraser
19%
🎿 Ski - Alpin 🇦🇹 P. K. Petra Kronberger
16%
🚴🏼‍♀️ Radsport 🇳🇱 M. V. Marianne Vos
15%
🏊🏼‍♀️ Schwimmen 🇭🇺 K. H. Katinka Hosszú
14%
🏃🏼‍♀️ 400 m Lauf 🇫🇷 M.-J. P. Marie - José Pérez
14%
🏃🏼‍♀️ Sprint 🇯🇲 M. O. Merlene Ottey
14%
🤸🏼‍♀️ Kunstturnen 🇷🇴 N. C. Nadia Comaneci
14%
🎿 Skilanglauf 🇵🇱 J. K. Justyna Kowalczyk
12%
🏐 Beach - Volleyball 🇺🇸 K. W. Kerri Walsh
9%
🏃🏼‍♀️ Marathon 🏴󠁧󠁢󠁥󠁮󠁧󠁿 P. R. Paula Radcliffe
9%
🏃🏼‍♀️ Orientierungslauf 🇨🇭 S. N.-L. Simone Niggli - Luder
8%
⛸️ Eiskunstlauf 🇳🇴 S. H. Sonja Henie
8%
🏃🏼‍♀️ Sprint 🇺🇸 A. F. Allyson Felix
7%
🧗🏼‍♀️Bergsteigen 🇦🇹 G. K. Gerlinde Kaltenbrunner
7%
🏃🏼‍♀️ 400 m Lauf 🇺🇸 S. R.-R. Sanya Richards - Ross
7%
🛶 Kajak 🇳🇿 L. C. Lisa Carrington
5%
🏃‍♀️ Leichtathletik 🇳🇱 F. B.-K. Fanny Blankers - Koen
4%
🏃🏼‍♀️ Leichtathletik 🇺🇸 G. D. Gail Devers
4%
🏃🏼‍♀️ Langstreckenlauf 🇪🇹 T. D. Tirunesh Dibaba
4%
🏌🏼‍♀️ Golf 🇸🇪 A. S. Annika Sörenstam
3%
🏃‍♀️ Leichtathletik 🇺🇸 E. A. Evelyn Ashford
3%
🚴🏼‍♀️ Radsport 🇫🇷 J. L.-C. Jeannie Longo - Ciprelli
3%
🏊🏼‍♀️ Schwimmen 🇺🇸 J. T. Jenny Thompson
3%
🏂🏼 Snowboard 🇺🇸 K. C. Kelly Clark
3%
🎿 Skilanglauf 🇷🇺 L. L. Larissa Lasutina
3%
🤸🏼‍♀️ Kunstturnen 🇷🇺 L. L. Larissa Latynina
3%
🎿 Skilanglauf 🇷🇺 L. J. Ljubow Jegorowa
3%
🤸🏼‍♀️ Kunstturnen 🇨🇿 V. C. Vera Cáslavská
3%
🤸🏼‍♀️ Kunstturnen 🇭🇺 A. K. Agnes Keleti
1%
🏒 Eishockey 🇨🇦 H. W. Hayley Wickenheiser
1%
🎾 Tennis 🇺🇸 H. W. M. Helen Wills Moody
1%
🏐 Volleyball 🇨🇺 R. T. Regla Torres
1%
🏄🏼‍♀️ Surfen 🇦🇺 S. G. Stephanie Gilmore
1%
🤸🏼‍♀️ Kunstturnen 🇷🇺 S. C. Swetlana Chorkina
1%
🏃🏼‍♀️ Sprint 🇺🇸 W. R. Wilma Rudolph
1%
🏃🏼‍♀️ Leichtathletik 🇦🇺 B. C. Betty Cuthbert
0%
🏒 Eishockey 🇺🇸 H. K. Hilary Knight
0%
🏃🏼‍♀️ Leichtathletik 🇵🇱 I. S. Irena Szewinska
0%
Keine übereinstimmenden Quizze gefunden
Verteilung der Resultate
Anzahl Personen mit jedem Resultat
Perzentil nach korrekt beantworteten Fragen
Ihre Resultats-Entwicklung
Sie haben dieses Quiz noch nicht gespielt